|
|
|
|
| LEADER |
00000cam a2200000 7i4500 |
| 001 |
0000044900 |
| 005 |
20150121.0 |
| 008 |
150121 |
| 020 |
|
|
|a 9670157658
|
| 020 |
|
|
|a 9789670157610(set)
|
| 020 |
|
|
|a 9789670157658
|
| 090 |
0 |
0 |
|a MEG
|b MAL
|
| 100 |
1 |
|
|a Megat Ismail
|
| 245 |
1 |
0 |
|a Catatan Seorang Pengembara
|c Megat Ismail
|
| 260 |
|
|
|a Melaka :
|b Penerbit Eka ,
|c 2013
|
| 440 |
|
|
|a Siri Novel Pendidikan Minda
|
| 650 |
|
0 |
|a Malay Fiction
|
| 999 |
|
|
|a 0001288627
|b Book
|c Adult Collection
|e Cawangan Urban Transformation Centre
|
| 999 |
|
|
|a 0001288628
|b Book
|c Adult Collection
|e Cawangan Taman Sri Lambak
|
| 999 |
|
|
|a 0001288632
|b Book
|c Adult Collection
|e Cawangan Pontian
|
| 999 |
|
|
|a 0001288635
|b Book
|c Adult Collection
|e Cawangan Segamat
|
| 999 |
|
|
|a 0001288637
|b Book
|c Teenagers
|e Cawangan Mersing
|
| 999 |
|
|
|a 0001288638
|b Book
|c Teenagers
|e Cawangan Bukit Gambir
|
| 999 |
|
|
|a 0001288639
|b Book
|c Adult Collection
|e Cawangan Tangkak
|
| 999 |
|
|
|a 0001288640
|b Book
|c Adult Collection
|e Cawangan Bandar Penawar
|